000 00498nam a2200181Ia 4500
003 OSt
005 20200120104728.0
008 190216s9999||||xx |||||||||||||| ||und||
040 _coclc
082 _a658.45
_bSAC/B
100 _aSachdeva, S
_91008
245 0 _aBusiness Communication /
_cS Sachdeva
250 _a3rd ed.
260 _bLakshmi Narain Agarwal Pub,
_c2004.
_aAgra:
300 _a360p
650 _aBusiness
942 _cBK
_2ddc
_h658.45
_iSAC/B
_k658.45
_mSAC/B
999 _c6628
_d6628